Normal view
MARC view
- Alberione,Giacomo
Entry Personal Name
001 - CONTROL NUMBER
- control field: 54
003 - CONTROL NUMBER IDENTIFIER
- control field: IT-RoPau
005 - DATE AND TIME OF LATEST TRANSACTION
- control field: 20121203112401.0
008 - FIXED-LENGTH DATA ELEMENTS
- fixed length control field: 121203|| aca||aabn | a|a d
040 ## - CATALOGING SOURCE
- Original cataloging agency: IT-RoPau
- Transcribing agency: IT-RoPau
100 ## - HEADING--PERSONAL NAME
- Personal name: Alberione,Giacomo
- Fuller form of name: Fondatore Famiglia Paolini
670 ## - SOURCE DATA FOUND
- Source citation: Work cat.: (IT-RoPau): Alberione,Giacomo Fondatore Famiglia Paolini, Mazzo di fiori a Maria Santissima, 1981